[Event "IECC P email"]
[Site "IECC email"]
[Date "2001.04.01"]
[Round "?"]
[White "Ramirez, Tuco"]
[Black "Rizzi, Davide"]
[Result "1/2-1/2"]
[WhiteElo "1850"]
[BlackElo "1836"]
[PlyCount "61"]
[EventDate "2001.??.??"]
[EventType "tourn (corr)"]
[EventRounds "6"]
[SourceTitle "Corr 2008"]
[Source "ChessBase"]
[SourceDate "2008.06.24"]
[SourceVersion "1"]
[SourceVersionDate "2008.06.24"]
[SourceQuality "1"]

1. e4 c5 2. Nf3 d6 3. d4 cxd4 4. Nxd4 Nf6 5. Nc3 a6 6. Bg5 e6 7. f4 Be7 8. Qf3 Qc7 9. 0-0-0 Nbd7 10. g4 b5 11. Bxf6 Nxf6 12. g5 Nd7 13. f5 Nc5 14. f6 gxf6 15. gxf6 Bf8 16. Rg1 b4 17. Nd5 exd5 18. exd5 Nd7 19. Rg7 Ne5 20. Qh5 h6 21. Re1 Bxg7 22. fxg7 Rg8 23. Nc6 Rxg7 24. Qxh6 Kf8 25. Qh8+ Rg8 26. Qh6+ Ke8 27. Nxe5 dxe5 28. Qf6 Rg6 29. Rxe5+ Kf8 30. Qh8+ Rg8 31. Qh6+ 1/2-1/2